000 00548nam a2200169Ia 4500
999 _c7282
_d7282
008 201217s9999 xx 000 0 und d
020 _a0829000860
100 _aSmith, Robert B.
_94607
245 0 _aQualitative methods : handbook of social science methods /
_cby Robert B. Smith and Peter K. Manning (ed.)
260 _aCambridge
_bBallinger Publishing Co.
_c1982
300 _a333p.
490 _vVol. II
650 0 _aSocial sciences - Methodology
700 _94609
_aSmith, Robert B.
700 _94610
_aManning, Peter K.
942 _cBK
_2ddc